1843 1951 1075 1017 1263 1491 1665 1062 1791 1719 1860 1347 1670 1724 1422 1882 1582 1851 1394 1399 1166 1098 1819 1900 1730 1417 1686 1813 1130 1280 1579 1817 1994 1818 1536 1046 1107 1534 1305 1535 1053 1625 1716 1095 1974 1398 1538 1713 1882 1920 1748 1120 1110 1781 1089 1450 1267 1882 1512 1829 1352 1037 1440 1421 1281 1740 1307 1885 1516 1832 1981 1747 1356 1230 1605 1353 1284 1848 1141 1046 1610 1451 1647 1334 1000 1768 1448 1229 1143 1671 1519 1707 1414 1528 1823 1978 1361 1350 1765 BCNSPRNW ULIB Ver.6.0+V

เปลี่ยนเป็นภาษาไทย

Change to English
 แสดงรายละเอียดบรรณานุกรม
  กลับหน้าหลัก

Brief Record : Get Marc (ISO 2709) : E-mail record : QR code < ปิดหน้าต่าง
LEADER : 00000nam 2200000uu 4500
001    13399111594
003     ULIB
008    110703s||||||||th 000 0 tha d
020    9786167023205
050 04 BQ5630.D4^bพ319ต 2553
100 0  พระไพศาล วิสาโล
245 10 ตื่นก่อนตาย /^cพระไพศาล วิสาโล ; เรียบเรียง, ฤชุดา บุญเปลี่ยน
260    กรุงเทพฯ :^bบิสซี่เดย์,^c2553
300    255 หน้า ;^c19 ซม
500    ชื่อเรื่องจากปกนอก
505 2  สุขทุกข์อยู่ที่ใจ -- ของเราแน่หรือ -- รู้จักชีวิตที่แท้ --ตายอย่างสงบเป็นสิทธิของทุกคน -- ระลึกถึงความตายอยู่เสมอ -- มรณสติในชีวิตประจำวัน -- ต้อนรับความตายด้วยสติ -- เตรียมใจในยามป่วยหนัก -- พาคนรักสู่ความสงบ -- คำสุดท้ายจากคนรัก
650  7 ความตาย^xแง่ศาสนา^xพุทธศาสนา
650  7 การดำเนินชีวิต^xแง่ศาสนา^xพุทธศาสนา
700 0  ฤชุดา บุญเปลี่ยน
945    ^p155^l0^i027993
945    ^p155^l0^i027992
995    ทศพร
999 ^a ใช้งานได้ทุกระบบ
รายการนี้ยังไม่มีแท็ก
คุณยังไม่ได้ล็อกอิน คุณสามารถมีกิจกรรมร่วมกับเว็บไซต์ได้ แต่ต้องล็อกอินก่อน ::
  ล็อกอิน

รายการสื่อสารสนเทศ

ลำดับที่ ประเภท เลขเรียก/บาร์โค้ด สถานที่ สถานะ
- ไม่พบข้อมูล -

รายการใกล้เคียง
    ผู้แต่ง [พระไพศาล วิสาโล]

BibComment


ยังไม่เคยถูกคอมเมนท์

คอมเมนท์ทรัพยากรรายการนี้
  คอมเมนท์: ตื่นก่อนตาย พระไ..


 Copyright 2026. Bcnsprnw @Library